Argentina : Recent Economic Developments.

This paper describes economic developments in Argentina during the 1990s. Since the implementation of the Convertibility Plan in early 1991, real GDP grew by more than 7 percent a year (or by a cumulative 35 percent over the years 1991-94), after stagnating for more than a decade. At the same time,...

Popoln opis

Bibliografske podrobnosti
Korporativna značnica: International Monetary Fund
Format: Revija
Jezik:English
Izdano: Washington, D.C. : International Monetary Fund, 1995.
Serija:IMF Staff Country Reports; Country Report ; No. 1995/110
Teme:
Online dostop:Full text available on IMF
LEADER 01754cas a2200289 a 4500
001 AALejournalIMF000807
008 230101c9999 xx r poo 0 0eng d
020 |c 5.00 USD 
020 |z 9781451801255 
022 |a 1934-7685 
040 |a BD-DhAAL  |c BD-DhAAL 
110 2 |a International Monetary Fund. 
245 1 0 |a Argentina :   |b Recent Economic Developments. 
264 1 |a Washington, D.C. :  |b International Monetary Fund,  |c 1995. 
300 |a 1 online resource (108 pages) 
490 1 |a IMF Staff Country Reports 
500 |a <strong>Off-Campus Access:</strong> No User ID or Password Required 
500 |a <strong>On-Campus Access:</strong> No User ID or Password Required 
506 |a Electronic access restricted to authorized BRAC University faculty, staff and students 
520 3 |a This paper describes economic developments in Argentina during the 1990s. Since the implementation of the Convertibility Plan in early 1991, real GDP grew by more than 7 percent a year (or by a cumulative 35 percent over the years 1991-94), after stagnating for more than a decade. At the same time, consumer price inflation, which had peaked at 3,000 percent in 1989, declined to 4 percent (average) in 1994. Gross fixed investment recovered to nearly 20 percent of GDP by 1994, reflecting a real growth rate of 22 percent a year during the period. 
538 |a Mode of access: Internet 
650 7 |a International Agreements and Observance  |2 imf 
650 7 |a International Organizations  |2 imf 
650 7 |a Monetary Policy  |2 imf 
650 7 |a Trade  |2 imf 
830 0 |a IMF Staff Country Reports; Country Report ;  |v No. 1995/110 
856 4 0 |z Full text available on IMF  |u http://elibrary.imf.org/view/journals/002/1995/110/002.1995.issue-110-en.xml  |z IMF e-Library